000
00321nam a22001457a 4500
003
SGT
020
_a
9780477102100
082
_a
342.23
_b
UNI
100
_a
UNITED NATION
245
_a
UNITED NATION HANDBOOK 2008-2009
250
_a
46
260
_a
NEW ZEALAND
_b
UNITED NATION
_c
2008
300
_a
391
942
_2
ddc
_c
BK
999
_c
33787
_d
33787